Score 0/15 Timer 01:30
0 Plays Today
Clue 4-Letter Word % Correct
Exam or quizTEST
95.3%
Message sent from cell phoneTEXT
94.4%
'_____ Universe', beauty pageantMISS
93.7%
'____ It', Michael Jackson hitBEAT
93.2%
Throw lightlyTOSS
92.6%
Kate ____, English modelMOSS
90.4%
ShipBOAT
87.1%
1979 Roman Polanski filmTESS
83.9%
Clue 4-Letter Word % Correct
'Rock and Roll All Nite' bandKISS
83.8%
Arranged tidilyNEAT
81.7%
•Codename: [Rung 1] ____ [Rung 15]•NEXT
78.5%
Hard kickBOOT
63.5%
•Codename: ____ [Rung 9] [Rung 15]•KIDS
53.5%
•Codename: [Rung 1] [Rung 9] ____DOOR
51.6%
Un-refined, ill-mannered personBOOR
50.4%

Today's Daily Dose

Remove Ads.
Support Sporcle.
Get the best of Sporcle when you Go Orange. This ad-free experience offers more features, more stats, and more fun while also helping to support Sporcle. Thank you for becoming a member.

You're not logged in!

Compare scores with friends on all Sporcle quizzes.
OR
Log In

Show Comments

Extras

Top Quizzes Today


Score Distribution

Your Account Isn't Verified!

In order to create a playlist on Sporcle, you need to verify the email address you used during registration. Go to your Sporcle Settings to finish the process.

Report this User

Report this user for behavior that violates our Community Guidelines.

Details: